Pakistan : Staff Report for the First Review Under the Extended Arrangement Under the Extended Fund Facility, Request for Waiver of Nonobservance of a Performance Criterion and Modification of Performance Criteria.

This paper provides an update on economic and policy developments in Pakistan since the issuance of the IMF staff report on December 11, 2013. Gross official reserves were USD 3.4 billion as of December 16, 2013, in line with IMF staff projections. The State Bank of Pakistan purchased an additional...

ver descrição completa

Detalhes bibliográficos
Autor Corporativo: International Monetary Fund. Middle East and Central Asia Dept
Formato: Periódico
Idioma:English
Publicado em: Washington, D.C. : International Monetary Fund, 2014.
Colecção:IMF Staff Country Reports; Country Report ; No. 2014/001
Acesso em linha:Full text available on IMF
LEADER 01979cas a2200241 a 4500
001 AALejournalIMF014116
008 230101c9999 xx r poo 0 0eng d
020 |c 5.00 USD 
020 |z 9781484339244 
022 |a 1934-7685 
040 |a BD-DhAAL  |c BD-DhAAL 
110 2 |a International Monetary Fund.  |b Middle East and Central Asia Dept. 
245 1 0 |a Pakistan :   |b Staff Report for the First Review Under the Extended Arrangement Under the Extended Fund Facility, Request for Waiver of Nonobservance of a Performance Criterion and Modification of Performance Criteria. 
264 1 |a Washington, D.C. :  |b International Monetary Fund,  |c 2014. 
300 |a 1 online resource (89 pages) 
490 1 |a IMF Staff Country Reports 
500 |a <strong>Off-Campus Access:</strong> No User ID or Password Required 
500 |a <strong>On-Campus Access:</strong> No User ID or Password Required 
506 |a Electronic access restricted to authorized BRAC University faculty, staff and students 
520 3 |a This paper provides an update on economic and policy developments in Pakistan since the issuance of the IMF staff report on December 11, 2013. Gross official reserves were USD 3.4 billion as of December 16, 2013, in line with IMF staff projections. The State Bank of Pakistan purchased an additional USD 75 million on top of the USD 200 reported in the staff report in the foreign exchange spot market as part of the continued effort to build reserves. The exchange rate rebounded slightly and was down some 8 percent against the dollar since the end of June. Headline inflation reached 10.9 percent year over year in November from 9.1 percent in October. This is in line with IMF staff projections and mainly reflects food price increases. 
538 |a Mode of access: Internet 
830 0 |a IMF Staff Country Reports; Country Report ;  |v No. 2014/001 
856 4 0 |z Full text available on IMF  |u http://elibrary.imf.org/view/journals/002/2014/001/002.2014.issue-001-en.xml  |z IMF e-Library